| 000 | 01831nam a22002057a 4500 | ||
|---|---|---|---|
| 999 |
_c5429 _d5429 |
||
| 003 | OSt | ||
| 005 | 20250703135517.0 | ||
| 008 | 180305b xxu||||| |||| 00| 0 spa d | ||
| 020 | _a9789505745470 | ||
| 040 | _cPJ | ||
| 100 |
_aFerreyra, Raúl Gustavo _9907 |
||
| 245 | 1 | 0 |
_aEscritos sobre la forma inicial del Estado / _cRaúl Gustavo Ferreyra. |
| 260 |
_aCiudad Autónoma de Buenos Aires : _bEdiar, _c2025. |
||
| 300 |
_a216 p. _c22 cm. |
||
| 504 | _aBibliografía: p. 195-210 | ||
| 505 | _aEn este libro Raúl Gustavo Ferreyra aborda con rigor científico y profundidad una teoría general de la Constitución, desde un enfoque interno. Su mirada está puesta en América del Sud y sus urgentes realidades contemporáneas, aquejadas por los poderes globales y por un nuevo animal político el monopresidente, un mal que deforma los sistemas de gobierno constitucionales de la región. En torno a la determinada rigidez de la Ley fundamental, ofrece una interesante dogmática sobre el proceso de cambio constitucional, en especial en la Argentina y en Brasil. Al analizar la Constitución federal de la Argentina, plantea que su extensa duración y su doble rostro son los rasgos distintivos de uno de los textos políticos más antiguos del mundo, que ha sido puesto en jaque en varias oportunidades. Por su parte, la indagación sobre la fuerza normativa de la Constitución permite ubicar el problema central del instrumento: la discrepancia entre el mundo del ser y el mundo del deber ser. El libro concluye con un ensayo sobre las recientes tentativas para destruir el Estado argentino, en cuya demolición mucho tiene que ver el hecho maldito de los mal habidos decretos por razones de necesidad y urgencia. | ||
| 650 | 0 |
_9178 _aDERECHO CONSTITUCIONAL |
|
| 650 | 0 |
_95541 _aESTADO |
|
| 942 |
_2udc _cLIB _h342.4 _iFER |
||